[Event "XtraCon-Skakligaen"]
[Site "Denmark"]
[Date "2015.03.07"]
[Round "8.1"]
[White "Hansen, Mads Smith"]
[Black "Matthiesen, Arne"]
[Result "1/2-1/2"]
[WhiteElo "2378"]
[BlackElo "2359"]
[PlyCount "120"]
[EventDate "2014.10.25"]
[EventType "team-tourn"]
[EventRounds "9"]
[EventCountry "DEN"]
[WhiteTeam "Obro"]
[BlackTeam "SK1968"]
[WhiteTeamCountry "DEN"]
[BlackTeamCountry "DEN"]

1. c4 c5 2. Nc3 g6 3. g3 Bg7 4. Bg2 Nf6 5. e4 Nc6 6. Nge2 O-O 7. O-O d6 8. d3
Bg4 9. f3 Bd7 10. Be3 a6 11. Qd2 Rb8 12. a4 Ne8 13. f4 Nc7 14. d4 Na5 15. Qd3
Nb3 16. Ra3 cxd4 17. Nxd4 Nxd4 18. Bxd4 Bxd4+ 19. Qxd4 b5 20. axb5 axb5 21.
cxb5 Nxb5 22. Nxb5 Bxb5 23. Rc1 Rc8 24. Rxc8 Qxc8 25. h4 Qc1+ 26. Kh2 Qc2 27.
Qc3 Rc8 28. Qxc2 Rxc2 29. Kg1 Rxb2 30. Ra7 Kf8 31. Rb7 Rb1+ 32. Kf2 Rb2+ 33.
Kg1 Rb1+ 34. Kf2 Bd3 35. Rxb1 Bxb1 36. Ke3 e5 37. Bf3 Ke7 38. Bd1 Ba2 39. Bc2
Ke6 40. Bd3 Bb3 41. g4 h6 42. g5 hxg5 43. fxg5 Kd7 44. Be2 Kc6 45. Bg4 Kc5 46.
Be2 d5 47. exd5 Bxd5 48. Bd1 Kd6 49. Bc2 Be6 50. Bd3 Ke7 51. Bc2 Bg4 52. Bb3 f5
53. gxf6+ Kxf6 54. Bc4 Be6 55. Be2 Bd5 56. Bg4 Be6 57. Be2 Bf5 58. Bd1 Kg7 59.
Be2 Kh6 60. Bd1 g5 1/2-1/2

[Event "XtraCon-Skakligaen"]
[Site "Denmark"]
[Date "2015.03.07"]
[Round "8.2"]
[White "Bank, Pelle Rodkjaer"]
[Black "Hansen, Soren Bech"]
[Result "0-1"]
[WhiteElo "2329"]
[BlackElo "2296"]
[PlyCount "120"]
[EventDate "2014.10.25"]
[EventType "team-tourn"]
[EventRounds "9"]
[EventCountry "DEN"]
[WhiteTeam "SK1968"]
[BlackTeam "Obro"]
[WhiteTeamCountry "DEN"]
[BlackTeamCountry "DEN"]

1. c4 Nf6 2. g3 e6 3. Bg2 c5 4. Nf3 Nc6 5. O-O Be7 6. d4 cxd4 7. Nxd4 a6 8. Nc3
Qc7 9. b3 d6 10. Bb2 Bd7 11. Rc1 Qb8 12. e3 O-O 13. h3 Nxd4 14. exd4 d5 15. Qe2
Bb4 16. Nd1 Re8 17. Ne3 Bc6 18. Rfd1 Bf8 19. Rc2 Qd6 20. c5 Qc7 21. Ng4 Nxg4
22. Qxg4 Rad8 23. h4 Qd7 24. h5 f6 25. f4 Qf7 26. Bf1 Bb5 27. a4 Bxf1 28. Rxf1
Qd7 29. Rfc1 Rc8 30. Kh1 Rc7 31. Bc3 e5 32. Qxd7 Rxd7 33. dxe5 d4 34. Bd2 fxe5
35. fxe5 Rxe5 36. b4 d3 37. Rc3 Re2 38. Rd1 Rd5 39. Kg1 a5 40. c6 bxc6 41. Rxc6
Bxb4 42. Bxb4 axb4 43. Rcc1 d2 44. Rb1 Rxh5 45. Kf1 Reh2 46. Kg1 b3 47. g4 R5h4
48. a5 Rh1+ 49. Kf2 Rxd1 50. Rxd1 Rxg4 51. Rxd2 Ra4 52. Rd8+ Kf7 53. Rb8 Rxa5
54. Rxb3 g5 55. Rb6 Rf5+ 56. Kg3 Rf6 57. Rb8 Kg6 58. Rg8+ Kh5 59. Ra8 Rb6 60.
Ra3 Kg6 0-1

[Event "XtraCon-Skakligaen"]
[Site "Denmark"]
[Date "2015.03.07"]
[Round "8.3"]
[White "Rasmussen, Casper Dahl"]
[Black "Hansen, Lars"]
[Result "1-0"]
[WhiteElo "2325"]
[BlackElo "2273"]
[PlyCount "63"]
[EventDate "2014.10.25"]
[EventType "team-tourn"]
[EventRounds "9"]
[EventCountry "DEN"]
[WhiteTeam "Obro"]
[BlackTeam "SK1968"]
[WhiteTeamCountry "DEN"]
[BlackTeamCountry "DEN"]

1. e4 e6 2. d4 d5 3. exd5 exd5 4. c4 Nf6 5. Nc3 Bd6 6. Bg5 dxc4 7. Bxc4 O-O 8.
Qf3 Bg4 9. Qxg4 Nxg4 10. Bxd8 Rxd8 11. h3 Nf6 12. Nf3 Nbd7 13. O-O Nb6 14. Bb3
c6 15. Ne5 Bxe5 16. dxe5 Nfd7 17. e6 Nc5 18. exf7+ Kf8 19. Bc2 Kxf7 20. b4 Nd3
21. Bb3+ Kf6 22. Ne4+ Kf5 23. Ng3+ Kf6 24. f4 g6 25. f5 Nd5 26. Rf3 Ne5 27.
Ne4+ Ke7 28. f6+ Kf8 29. Rff1 Nf7 30. Nc5 Rd6 31. Nxb7 Re6 32. b5 1-0

[Event "XtraCon-Skakligaen"]
[Site "Denmark"]
[Date "2015.03.07"]
[Round "8.4"]
[White "Matthiesen, Martin"]
[Black "Larsen, Karsten"]
[Result "1/2-1/2"]
[WhiteElo "2260"]
[BlackElo "2247"]
[PlyCount "50"]
[EventDate "2014.10.25"]
[EventType "team-tourn"]
[EventRounds "9"]
[EventCountry "DEN"]
[WhiteTeam "SK1968"]
[BlackTeam "Obro"]
[WhiteTeamCountry "DEN"]
[BlackTeamCountry "DEN"]

1. d4 d5 2. c4 e6 3. Nc3 Nf6 4. cxd5 exd5 5. Bg5 Be7 6. e3 c6 7. Bd3 O-O 8. Qc2
Nbd7 9. Nge2 Re8 10. O-O Nf8 11. f3 Be6 12. Rad1 Rc8 13. Kh1 Rc7 14. h3 Nh5 15.
Bxe7 Qxe7 16. Kg1 Qg5 17. f4 Qd8 18. f5 Bc8 19. Rf3 Nf6 20. Ng3 Rce7 21. Qf2
N8d7 22. Bc2 Nb6 23. Bd3 Nbd7 24. Bc2 Nb6 25. Bd3 Nbd7 1/2-1/2

[Event "XtraCon-Skakligaen"]
[Site "Denmark"]
[Date "2015.03.07"]
[Round "8.5"]
[White "Kaaber Hansen, Jacob"]
[Black "Rewitz, Poul"]
[Result "0-1"]
[WhiteElo "2262"]
[BlackElo "2253"]
[PlyCount "112"]
[EventDate "2014.10.25"]
[EventType "team-tourn"]
[EventRounds "9"]
[EventCountry "DEN"]
[WhiteTeam "Obro"]
[BlackTeam "SK1968"]
[WhiteTeamCountry "DEN"]
[BlackTeamCountry "DEN"]

1. c4 e6 2. g3 d5 3. Bg2 Nf6 4. Nf3 dxc4 5. Qa4+ Bd7 6. Qxc4 Bc6 7. O-O Be7 8.
Nc3 O-O 9. b4 a6 10. a3 Nbd7 11. e4 Nb6 12. Qe2 Na4 13. Ne5 Be8 14. Nxa4 Bxa4
15. Bb2 c5 16. d3 Rc8 17. bxc5 Bxc5 18. Rfc1 Qb6 19. Nc4 Qa7 20. Bxf6 gxf6 21.
Qg4+ Kh8 22. Qf4 Be7 23. e5 f5 24. Na5 b5 25. Nc6 Qd7 26. d4 Rfe8 27. Nxe7 Qxe7
28. Rxc8 Rxc8 29. d5 exd5 30. Bxd5 Rd8 31. Qd4 Bb3 32. e6+ f6 33. Qb4 Qxb4 34.
axb4 Rxd5 35. Rxa6 Re5 36. Ra8+ Kg7 37. Ra7+ Kg6 38. e7 h6 39. f4 Re4 40. Rb7
Bc4 41. h3 Kf7 42. e8=Q+ Kxe8 43. Rh7 Be6 44. Rxh6 Ke7 45. Rh7+ Bf7 46. Rh8
Rxb4 47. Kf2 Rb2+ 48. Ke3 Rb3+ 49. Kd2 Rxg3 50. Rb8 Be8 51. h4 Rf3 52. h5 Rxf4
53. Rb7+ Bd7 54. Rb8 Rh4 55. Rh8 f4 56. h6 Rh2+ 0-1

[Event "XtraCon-Skakligaen"]
[Site "Denmark"]
[Date "2015.03.07"]
[Round "8.6"]
[White "Pedersen, Gunnar"]
[Black "Schou Moldt, Thomas"]
[Result "1-0"]
[WhiteElo "2232"]
[BlackElo "2228"]
[PlyCount "73"]
[EventDate "2014.10.25"]
[EventType "team-tourn"]
[EventRounds "9"]
[EventCountry "DEN"]
[WhiteTeam "SK1968"]
[BlackTeam "Obro"]
[WhiteTeamCountry "DEN"]
[BlackTeamCountry "DEN"]

1. d4 d5 2. c4 c6 3. Nc3 Nf6 4. Nf3 dxc4 5. e4 b5 6. e5 Nd5 7. a4 a6 8. axb5
Nxc3 9. bxc3 cxb5 10. Ng5 Bb7 11. e6 fxe6 12. Nxe6 Qd6 13. Qg4 Bd5 14. Qh5+ Kd7
15. Nc5+ Kc6 16. Be2 Qg6 17. Qxd5+ Kxd5 18. Bf3+ Kd6 19. Bf4+ e5 20. Bxe5+ Ke7
21. Bxa8 Kd8 22. O-O Bxc5 23. dxc5 Kc8 24. Rfd1 Re8 25. Bg3 Qf6 26. h3 Re6 27.
Bf3 Re7 28. c6 h5 29. Bxh5 Qxc6 30. Bg4+ Nd7 31. Rd6 Qe4 32. Raxa6 Qe1+ 33. Kh2
Qxc3 34. Ra7 Qb4 35. Rc6+ Kd8 36. Ra8+ Nb8 37. Rxb8# 1-0

[Event "XtraCon-Skakligaen"]
[Site "Denmark"]
[Date "2015.03.07"]
[Round "8.7"]
[White "Simonsen, Carsten"]
[Black "Bindzus, Niels"]
[Result "1/2-1/2"]
[WhiteElo "2207"]
[BlackElo "2182"]
[PlyCount "71"]
[EventDate "2014.10.25"]
[EventType "team-tourn"]
[EventRounds "9"]
[EventCountry "DEN"]
[WhiteTeam "Obro"]
[BlackTeam "SK1968"]
[WhiteTeamCountry "DEN"]
[BlackTeamCountry "DEN"]

1. d4 Nf6 2. c4 e6 3. Nc3 Bb4 4. e3 O-O 5. Nge2 d5 6. a3 Bd6 7. cxd5 exd5 8.
Ng3 Bxg3 9. hxg3 Bf5 10. Qb3 Nc6 11. Qxb7 Na5 12. Qb4 c5 13. dxc5 Rb8 14. Qf4
Bg6 15. b4 Nb3 16. Bb2 d4 17. Rd1 Qe7 18. Rxd4 Nxd4 19. Qxd4 Rfd8 20. Qc4 Qd7
21. Qe2 Qe6 22. Rh4 Bd3 23. Qf3 Qb3 24. Bxd3 Rxd3 25. Nd1 Rxd1+ 26. Qxd1 Qxb2
27. Rd4 Re8 28. Qd3 h5 29. Rd8 Rxd8 30. Qxd8+ Kh7 31. Qd3+ g6 32. Qc4 Qb1+ 33.
Ke2 Qb2+ 34. Ke1 Qb1+ 35. Ke2 Qb2+ 36. Ke1 1/2-1/2

[Event "XtraCon-Skakligaen"]
[Site "Denmark"]
[Date "2015.03.07"]
[Round "8.8"]
[White "Andersen, Lars Ren"]
[Black "Skousen, Nikolai"]
[Result "0-1"]
[WhiteElo "2131"]
[BlackElo "2182"]
[PlyCount "72"]
[EventDate "2014.10.25"]
[EventType "team-tourn"]
[EventRounds "9"]
[EventCountry "DEN"]
[WhiteTeam "SK1968"]
[BlackTeam "Obro"]
[WhiteTeamCountry "DEN"]
[BlackTeamCountry "DEN"]

1. c4 c5 2. Nf3 g6 3. Nc3 Bg7 4. d4 cxd4 5. Nxd4 Nc6 6. Nc2 Bxc3+ 7. bxc3 Qa5
8. Bd2 Nf6 9. f3 d6 10. e4 Be6 11. Nb4 O-O 12. Be2 Ne5 13. Nd5 Bxd5 14. cxd5
Qc5 15. Qb3 Rfc8 16. Qb4 Nc4 17. Bxc4 Qxc4 18. Qxc4 Rxc4 19. Ke2 Nd7 20. Rhb1
b6 21. Rb3 Rac8 22. Rb4 f5 23. Rxc4 Rxc4 24. Kd3 b5 25. Rb1 fxe4+ 26. fxe4 Nc5+
27. Kc2 a6 28. e5 dxe5 29. Be3 Ne4 30. Kd3 Nxc3 31. Rf1 Nxd5 32. Bh6 Nf6 33. h3
Kf7 34. g4 Ke6 35. Bd2 Ra4 36. Rc1 Ra3+ 0-1

[Event "XtraCon-Skakligaen"]
[Site "Denmark"]
[Date "2015.03.07"]
[Round "8.1"]
[White "Fries Nielsen, Niels Jorgen"]
[Black "Teplyi, Igor"]
[Result "1/2-1/2"]
[WhiteElo "2329"]
[BlackElo "2381"]
[PlyCount "75"]
[EventDate "2014.10.25"]
[EventType "team-tourn"]
[EventRounds "9"]
[EventCountry "DEN"]
[WhiteTeam "Esbjerg"]
[BlackTeam "Nordre"]
[WhiteTeamCountry "DEN"]
[BlackTeamCountry "DEN"]
[WhiteClock "0:22:53"]
[BlackClock "0:02:31"]

1. d4 Nf6 2. Nf3 d5 3. c3 e6 4. Bf4 Bd6 5. Bxd6 cxd6 6. Nbd2 O-O 7. e3 b6 8.
Qc2 Bb7 9. Bd3 Nbd7 10. O-O Rc8 11. Rfe1 Rc7 12. Rac1 h6 13. Nf1 Re8 14. Ng3
Nb8 15. Nd2 Ba6 16. Bxa6 Nxa6 17. Qd3 Qc8 18. e4 Nb4 19. Qf1 Nc6 20. exd5 Nxd5
21. Nc4 Rd8 22. Ne4 Rcd7 23. Ne3 Nde7 24. d5 Nxd5 25. Nxd5 exd5 26. Ng3 Ne7 27.
Red1 Qc4 28. Rd4 Qxa2 29. Qb5 Qa5 30. Qd3 Rc7 31. Re1 Qa2 32. Rg4 Qxb2 33.
Rxg7+ Kxg7 34. Nh5+ Kg8 35. Nf6+ Kg7 36. Nh5+ Kg8 37. Nf6+ Kg7 38. Nh5+ 1/2-1/2

[Event "XtraCon-Skakligaen"]
[Site "Denmark"]
[Date "2015.03.07"]
[Round "8.2"]
[White "Petersen, Tom Petri"]
[Black "Poulsen, Iver"]
[Result "1-0"]
[WhiteElo "2334"]
[BlackElo "2095"]
[PlyCount "73"]
[EventDate "2014.10.25"]
[EventType "team-tourn"]
[EventRounds "9"]
[EventCountry "DEN"]
[WhiteTeam "Nordre"]
[BlackTeam "Esbjerg"]
[WhiteTeamCountry "DEN"]
[BlackTeamCountry "DEN"]
[WhiteClock "0:01:37"]
[BlackClock "0:02:45"]

1. c4 e6 2. b3 b6 3. Nf3 Bb7 4. Bb2 f5 5. g3 Nf6 6. Bg2 Be7 7. Nc3 O-O 8. d3
Na6 9. O-O Qe8 10. e3 Qh5 11. Ne5 Qxd1 12. Rfxd1 Bxg2 13. Kxg2 c6 14. h4 Rfd8
15. Rac1 Rac8 16. Ne2 d6 17. Nf3 e5 18. Nc3 Ng4 19. e4 Rf8 20. Rc2 Nc5 21. exf5
Rxf5 22. d4 Ne6 23. d5 Rcf8 24. dxe6 Rxf3 25. Rdd2 R3f6 26. Ne4 Rxe6 27. Rd3
Nh6 28. Rcd2 Nf7 29. a4 Rd8 30. Bc3 h6 31. a5 Rd7 32. Bb4 Bf8 33. a6 c5 34. Ba3
Rc7 35. Nc3 Rc8 36. Nb5 Ra8 37. Nc7 1-0

[Event "XtraCon-Skakligaen"]
[Site "Denmark"]
[Date "2015.03.07"]
[Round "8.3"]
[White "Bonnelykke, Ole"]
[Black "Sloth, Jorn"]
[Result "0-1"]
[WhiteElo "2045"]
[BlackElo "2318"]
[PlyCount "62"]
[EventDate "2014.10.25"]
[EventType "team-tourn"]
[EventRounds "9"]
[EventCountry "DEN"]
[WhiteTeam "Esbjerg"]
[BlackTeam "Nordre"]
[WhiteTeamCountry "DEN"]
[BlackTeamCountry "DEN"]
[WhiteClock "0:03:56"]
[BlackClock "0:04:21"]

1. e4 Nf6 2. e5 Nd5 3. Nc3 Nxc3 4. bxc3 d5 5. f4 c5 6. Nf3 Nc6 7. Be2 Bg4 8.
O-O e6 9. Qe1 c4 10. Qg3 h5 11. d3 Ne7 12. dxc4 Nf5 13. Qf2 Rc8 14. Nd4 Bxe2
15. Qxe2 Bc5 16. Be3 Bxd4 17. Bxd4 Rxc4 18. Bxa7 Qa5 19. Bd4 b5 20. Rfb1 g6 21.
a4 Rxa4 22. Rxa4 Qxa4 23. Bc5 Kd7 24. Rxb5 Rc8 25. Bb4 Qa1+ 26. Kf2 Rc4 27. Qd2
Kc6 28. Ra5 Qh1 29. Ra8 Kb7 30. Rf8 Qxh2 31. Rxf7+ Kc6 0-1

[Event "XtraCon-Skakligaen"]
[Site "Denmark"]
[Date "2015.03.07"]
[Round "8.4"]
[White "Veng, Johny"]
[Black "Hartvig, Ove Weiss"]
[Result "1-0"]
[WhiteElo "2281"]
[BlackElo "2199"]
[PlyCount "65"]
[EventDate "2014.10.25"]
[EventType "team-tourn"]
[EventRounds "9"]
[EventCountry "DEN"]
[WhiteTeam "Nordre"]
[BlackTeam "Esbjerg"]
[WhiteTeamCountry "DEN"]
[BlackTeamCountry "DEN"]
[WhiteClock "0:04:35"]
[BlackClock "0:03:23"]

1. d4 c5 2. d5 d6 3. c4 g6 4. Nc3 Bg7 5. e4 Nf6 6. h3 O-O 7. Nf3 a6 8. a4 e6 9.
Bd3 exd5 10. cxd5 Re8 11. O-O Nbd7 12. Bf4 Nh5 13. Bg5 Bf6 14. Be3 Ne5 15. Be2
Nxf3+ 16. Bxf3 Ng7 17. Qd2 Bd7 18. a5 b5 19. axb6 Qxb6 20. Rfb1 Qc7 21. Ra3
Reb8 22. Bf4 Ne8 23. Rba1 Rb6 24. R1a2 Qb7 25. e5 dxe5 26. Be3 Rb8 27. Ne4 Rxb2
28. Rxb2 Qxb2 29. Qxb2 Rxb2 30. Rxa6 Kg7 31. Bxc5 Rb8 32. Bd6 Nxd6 33. Rxd6 1-0

[Event "XtraCon-Skakligaen"]
[Site "Denmark"]
[Date "2015.03.07"]
[Round "8.5"]
[White "Lindestrom, Torsten"]
[Black "Hoiberg, Nina"]
[Result "1/2-1/2"]
[WhiteElo "2224"]
[BlackElo "2209"]
[PlyCount "39"]
[EventDate "2014.10.25"]
[EventType "team-tourn"]
[EventRounds "9"]
[EventCountry "DEN"]
[WhiteTeam "Esbjerg"]
[BlackTeam "Nordre"]
[WhiteTeamCountry "DEN"]
[BlackTeamCountry "DEN"]

1. d4 d6 2. e4 Nf6 3. Nc3 e5 4. dxe5 dxe5 5. Qxd8+ Kxd8 6. Bc4 Be6 7. Bxe6 fxe6
8. Be3 Nbd7 9. f3 c6 10. O-O-O Kc7 11. Nge2 Be7 12. h3 Rhd8 13. f4 exf4 14.
Nxf4 Nf8 15. g4 Bb4 16. Nfe2 e5 17. a3 Rxd1+ 18. Rxd1 Bd6 19. Rf1 Ne6 20. Ng3
1/2-1/2

[Event "XtraCon-Skakligaen"]
[Site "Denmark"]
[Date "2015.03.07"]
[Round "8.6"]
[White "Christensen, Jan Schleicher"]
[Black "Maarup, Michael"]
[Result "0-1"]
[WhiteElo "2208"]
[BlackElo "2152"]
[PlyCount "94"]
[EventDate "2014.10.25"]
[EventType "team-tourn"]
[EventRounds "9"]
[EventCountry "DEN"]
[WhiteTeam "Nordre"]
[BlackTeam "Esbjerg"]
[WhiteTeamCountry "DEN"]
[BlackTeamCountry "DEN"]
[WhiteClock "0:27:35"]
[BlackClock "0:24:09"]

1. d4 e6 2. Nf3 d5 3. e3 Nf6 4. Bd3 c5 5. b3 Qa5+ 6. Nbd2 Nc6 7. O-O cxd4 8.
exd4 Qc3 9. Rb1 Nxd4 10. Nxd4 Qxd4 11. Ne4 Qb6 12. Nxf6+ gxf6 13. c4 d4 14. Qf3
Be7 15. b4 Bd7 16. Re1 Bc6 17. Qe2 Rg8 18. f3 Qc7 19. Bd2 h5 20. b5 Bd7 21. Qe4
f5 22. Qf4 Qxf4 23. Bxf4 f6 24. Re2 e5 25. Rbe1 Bb4 26. Rb1 Bc5 27. Bg3 Kf7 28.
Kf1 Rge8 29. Be1 Re7 30. Bd2 Rc8 31. g3 Be6 32. Kg2 b6 33. a4 Rec7 34. Ree1 Bd6
35. Bb4 Bxb4 36. Rxb4 Bxc4 37. Bxf5 Be6 38. Be4 Rd8 39. Bc6 Bd5 40. Kf2 Bxc6
41. Rc4 Rdc8 42. Rec1 Ke6 43. h4 Kd6 44. Rxc6+ Rxc6 45. Rxc6+ Rxc6 46. bxc6
Kxc6 47. g4 Kd6 0-1

[Event "XtraCon-Skakligaen"]
[Site "Denmark"]
[Date "2015.03.07"]
[Round "8.7"]
[White "Jensen, Henrik Tranberg"]
[Black "Klitgaard, Thomas"]
[Result "0-1"]
[WhiteElo "2057"]
[BlackElo "2197"]
[PlyCount "114"]
[EventDate "2014.10.25"]
[EventType "team-tourn"]
[EventRounds "9"]
[EventCountry "DEN"]
[WhiteTeam "Esbjerg"]
[BlackTeam "Nordre"]
[WhiteTeamCountry "DEN"]
[BlackTeamCountry "DEN"]

1. d4 e6 2. c4 Nf6 3. a3 c5 4. Nf3 cxd4 5. Nxd4 b6 6. Nc3 Bb7 7. Bg5 a6 8. f3
d6 9. e4 Be7 10. Be2 O-O 11. Be3 Nbd7 12. O-O Qc7 13. Rc1 Rac8 14. Qe1 Qb8 15.
Qf2 Bd8 16. Rfd1 Bc7 17. g4 Ne5 18. g5 Nfd7 19. f4 Nc6 20. f5 Nxd4 21. Bxd4 Nc5
22. f6 Nxe4 23. Qh4 e5 24. fxg7 Rfe8 25. Be3 Nxc3 26. Rxc3 Re6 27. Bh5 Rg6 28.
Bxg6 fxg6 29. Qh6 Ba8 30. Rf1 Re8 31. Bd2 Qc8 32. Rg3 b5 33. Rf8+ Rxf8 34.
gxf8=Q+ Qxf8 35. Qxf8+ Kxf8 36. cxb5 axb5 37. Rb3 Bc6 38. Rc3 Bb6+ 39. Be3
Bxe3+ 40. Rxe3 Ke7 41. Rh3 Ke6 42. Rxh7 Be4 43. Kf2 d5 44. Ke3 Kf5 45. h4 d4+
46. Kf2 Kf4 47. Rf7+ Bf5 48. Rb7 e4 49. Rxb5 e3+ 50. Ke1 d3 51. Rb4+ Kg3 52.
Rd4 d2+ 53. Ke2 Bg4+ 54. Kxe3 d1=Q 55. Rxd1 Bxd1 56. b4 Kxh4 57. Kf4 Ba4 0-1

[Event "XtraCon-Skakligaen"]
[Site "Denmark"]
[Date "2015.03.07"]
[Round "8.1"]
[White "Skytte, Rasmus"]
[Black "Schandorff, Lars"]
[Result "1-0"]
[WhiteElo "2425"]
[BlackElo "2532"]
[PlyCount "69"]
[EventDate "2014.10.25"]
[EventType "team-tourn"]
[EventRounds "9"]
[EventCountry "DEN"]
[WhiteTeam "AarhusSkolerne"]
[BlackTeam "Hillerod"]
[WhiteTeamCountry "DEN"]
[BlackTeamCountry "DEN"]

1. d4 d5 2. Nf3 Nf6 3. c4 c6 4. Nc3 e6 5. e3 Nbd7 6. Bd3 dxc4 7. Bxc4 b5 8. Bd3
Bb7 9. e4 b4 10. Na4 c5 11. e5 Nd5 12. O-O cxd4 13. Nxd4 Nxe5 14. Bb5+ Nd7 15.
Re1 Rc8 16. b3 a6 17. Bxa6 Bxa6 18. Nxe6 fxe6 19. Qh5+ g6 20. Qxd5 e5 21. Qe6+
Be7 22. Qxa6 O-O 23. Qe6+ Rf7 24. Bb2 Rc2 25. Rad1 Bf8 26. Bxe5 Rxa2 27. Bb2
Qc7 28. Qe4 Bg7 29. Qb1 Qf4 30. Rf1 Bxb2 31. Qxa2 Be5 32. g3 Qg4 33. Qc2 Kg7
34. Nc5 Nf6 35. Qc4 1-0

[Event "XtraCon-Skakligaen"]
[Site "Denmark"]
[Date "2015.03.07"]
[Round "8.2"]
[White "Borge, Nikolaj"]
[Black "Sorensen, Jan"]
[Result "1/2-1/2"]
[WhiteElo "2383"]
[BlackElo "2431"]
[PlyCount "94"]
[EventDate "2014.10.25"]
[EventType "team-tourn"]
[EventRounds "9"]
[EventCountry "DEN"]
[WhiteTeam "Hillerod"]
[BlackTeam "AarhusSkolerne"]
[WhiteTeamCountry "DEN"]
[BlackTeamCountry "DEN"]
[WhiteClock "0:17:35"]
[BlackClock "0:15:17"]

1. e4 e6 2. Nf3 d5 3. exd5 exd5 4. d4 Nf6 5. Bd3 c5 6. O-O Nc6 7. Bg5 Be7 8.
dxc5 O-O 9. Nc3 Be6 10. Na4 Qa5 11. b3 h6 12. Bd2 Qc7 13. Re1 Rad8 14. c3 Bg4
15. h3 Bh5 16. Be2 Ne4 17. Nd4 Bg6 18. b4 Bf6 19. Be3 Rfe8 20. Qc1 Re7 21. Nb2
Rde8 22. Nb5 Qd8 23. Bf3 Be5 24. Nd3 Bb8 25. Nf4 Ng5 26. Nxg6 Nxf3+ 27. gxf3
fxg6 28. Kg2 Ne5 29. Qd1 Rf8 30. Nd6 Nxf3 31. Qxd5+ Kh7 32. Re2 Qd7 33. Rh1
Nh4+ 34. Kf1 Nf5 35. Bf4 Bxd6 36. cxd6 Rxe2 37. Kxe2 Re8+ 38. Kd3 g5 39. Bh2
Nxd6 40. Qxd6 Qf5+ 41. Kd2 Qxf2+ 42. Kc1 Qxa2 43. Rd1 Re2 44. Qd3+ Kh8 45. Qd8+
Kh7 46. Qd3+ Kh8 47. Qd8+ Kh7 1/2-1/2

[Event "XtraCon-Skakligaen"]
[Site "Denmark"]
[Date "2015.03.07"]
[Round "8.3"]
[White "Christensen, Tobias"]
[Black "Percivaldi, Martin"]
[Result "1/2-1/2"]
[WhiteElo "2369"]
[BlackElo "2324"]
[PlyCount "93"]
[EventDate "2014.10.25"]
[EventType "team-tourn"]
[EventRounds "9"]
[EventCountry "DEN"]
[WhiteTeam "AarhusSkolerne"]
[BlackTeam "Hillerod"]
[WhiteTeamCountry "DEN"]
[BlackTeamCountry "DEN"]
[WhiteClock "0:12:43"]
[BlackClock "0:11:14"]

1. c4 e5 2. Nf3 Nc6 3. e3 f5 4. d4 e4 5. d5 exf3 6. dxc6 fxg2 7. cxd7+ Qxd7 8.
Qxd7+ Bxd7 9. Bxg2 c6 10. b3 Nf6 11. Nd2 Be7 12. Bb2 a5 13. a4 O-O 14. O-O Be6
15. Rad1 Rfd8 16. Nf3 Ne4 17. Nd4 Bd7 18. f3 Nc5 19. Ba3 Bf8 20. f4 g6 21. Kf2
Ne4+ 22. Bxe4 Bxa3 23. Bf3 Be7 24. Rd3 Be8 25. Rfd1 Rdc8 26. Kg3 Bf7 27. h4 Bf6
28. h5 Re8 29. hxg6 hxg6 30. Nc2 Rac8 31. Rd7 b5 32. R7d6 Be7 33. Rxc6 bxc4 34.
bxc4 Rxc6 35. Bxc6 Rc8 36. Nd4 Bxc4 37. Rc1 Bf7 38. Rc2 Rd8 39. Bb5 Bb4 40. Bc4
Bxc4 41. Rxc4 Rd7 42. Kf3 Kg7 43. Rc6 Kf7 44. Ra6 Bc3 45. Nc6 Rd5 46. Rb6 Rd6
47. Rb7+ 1/2-1/2

[Event "XtraCon-Skakligaen"]
[Site "Denmark"]
[Date "2015.03.07"]
[Round "8.4"]
[White "Jaksland, Tim"]
[Black "Pedersen, Finn"]
[Result "1-0"]
[WhiteElo "2277"]
[BlackElo "2278"]
[PlyCount "111"]
[EventDate "2014.10.25"]
[EventType "team-tourn"]
[EventRounds "9"]
[EventCountry "DEN"]
[WhiteTeam "Hillerod"]
[BlackTeam "AarhusSkolerne"]
[WhiteTeamCountry "DEN"]
[BlackTeamCountry "DEN"]
[WhiteClock "0:08:23"]
[BlackClock "0:26:19"]

1. Nf3 d5 2. c4 d4 3. b4 g6 4. g3 Bg7 5. d3 e5 6. Bg2 Ne7 7. O-O O-O 8. a4 c5
9. b5 a5 10. Ra2 Ra7 11. e3 dxe3 12. fxe3 b6 13. Nc3 Rd7 14. Ne1 Bb7 15. Raf2
Bxg2 16. Kxg2 f6 17. e4 Rd6 18. Nd5 Nd7 19. Nc2 Rf7 20. Nce3 Nf8 21. Ng4 Nxd5
22. cxd5 Rdd7 23. Ne3 Bh6 24. Nc4 Bxc1 25. Qxc1 Kg7 26. Qb2 h6 27. h4 h5 28.
Qe2 Nh7 29. Kh1 Rf8 30. g4 hxg4 31. Qxg4 Re7 32. Rg1 g5 33. Qf5 Kh8 34. Rh2 Kg8
35. hxg5 fxg5 36. Qg6+ Kh8 37. Qxg5 Rf2 38. Qg3 Rxh2+ 39. Qxh2 Qe8 40. Nd6 Qf8
41. Nf5 Rf7 42. Nh6 Rg7 43. Rxg7 Qxg7 44. Qxe5 Nf6 45. Qg5 Qxg5 46. Nf7+ Kg8
47. Nxg5 Ng4 48. Nh3 Kf8 49. Kg2 Ne3+ 50. Kf3 Nd1 51. Nf4 Nb2 52. d6 Nxa4 53.
Nd5 Ke8 54. e5 Nb2 55. e6 Nxd3 56. Nc7+ 1-0

[Event "XtraCon-Skakligaen"]
[Site "Denmark"]
[Date "2015.03.07"]
[Round "8.5"]
[White "Rendboe, John Filip"]
[Black "Ostergaard, Jens"]
[Result "1/2-1/2"]
[WhiteElo "2196"]
[BlackElo "2236"]
[PlyCount "48"]
[EventDate "2014.10.25"]
[EventType "team-tourn"]
[EventRounds "9"]
[EventCountry "DEN"]
[WhiteTeam "AarhusSkolerne"]
[BlackTeam "Hillerod"]
[WhiteTeamCountry "DEN"]
[BlackTeamCountry "DEN"]
[WhiteClock "0:23:22"]
[BlackClock "0:15:28"]

1. d4 Nf6 2. c4 e6 3. Nc3 d5 4. cxd5 exd5 5. Bg5 Be7 6. Qc2 c6 7. e3 O-O 8. Bd3
Nbd7 9. Nge2 Re8 10. O-O Nf8 11. Ng3 Ng4 12. Bxe7 Qxe7 13. h3 Nh6 14. a3 g6 15.
b4 f5 16. b5 Ne6 17. bxc6 bxc6 18. Rfe1 Bd7 19. Na4 Nf7 20. f3 Rac8 21. Ba6 Rb8
22. Ne2 Qd6 23. Bd3 Rb7 24. Ba6 Rbb8 1/2-1/2

[Event "XtraCon-Skakligaen"]
[Site "Denmark"]
[Date "2015.03.07"]
[Round "8.6"]
[White "Nordenbaek, Jan"]
[Black "Hagen, Kresten Skytte"]
[Result "1-0"]
[WhiteElo "2209"]
[BlackElo "2163"]
[PlyCount "55"]
[EventDate "2014.10.25"]
[EventType "team-tourn"]
[EventRounds "9"]
[EventCountry "DEN"]
[WhiteTeam "Hillerod"]
[BlackTeam "AarhusSkolerne"]
[WhiteTeamCountry "DEN"]
[BlackTeamCountry "DEN"]

1. e4 e6 2. d4 d5 3. Nc3 Nf6 4. Bg5 dxe4 5. Nxe4 Be7 6. Bxf6 Bxf6 7. Nf3 Nd7 8.
c3 O-O 9. Bd3 b6 10. Qc2 Bb7 11. O-O-O Qe7 12. Kb1 Rfd8 13. h4 Nf8 14. g4 g6
15. h5 c5 16. hxg6 hxg6 17. Nxf6+ Qxf6 18. Be4 Bxe4 19. Qxe4 cxd4 20. Nxd4 Rd5
21. Nc6 Rxd1+ 22. Rxd1 Kg7 23. f4 g5 24. f5 exf5 25. gxf5 a6 26. Nb4 Rd8 27.
Nd5 Qc6 28. f6+ 1-0